1512 1236 1820 1747 1970 1971 1081 1907 1828 1758 1846 1429 1959 1153 1472 1179 1622 1166 1764 1604 1894 1905 1795 1523 1293 1209 1823 1121 1368 1222 1452 1825 1818 1516 1905 1314 1694 1772 1029 1110 1575 1462 1960 1180 1858 1167 1804 1385 1984 1202 1020 1686 1735 1202 1753 1087 1633 1726 1132 1920 1307 1300 1078 1733 1587 1950 1451 1320 1093 1950 1836 1172 1586 1060 1804 1708 1066 1222 1695 1207 1889 1888 1792 1525 1731 1730 1512 1034 1801 1816 1074 1716 1533 1286 1892 1508 1649 1120 1604 BCNSPRNW ULIB Ver.6.0+V

เปลี่ยนเป็นภาษาไทย

Change to English
 แสดงรายละเอียดบรรณานุกรม
  กลับหน้าหลัก

Brief Record : Get Marc (ISO 2709) : E-mail record : QR code < ปิดหน้าต่าง
LEADER : 00000nam 2200000uu 4500
001    13399129159
003     ULIB
008    250903s2017||||th 000 0 tha d
020 ^^ ^a9786169015727
060 ^^ ^aQV39^bM662
245 ^^ ^aMIMS pediatrics Thailand 2017/2018^cTIMS (Thailand) Ltd
260 ^^ ^aBangkok :^bTIMS (Thailand) Ltd,^c2017
300 ^^ ^a221 p.
650 ^^ ^aDrugs
710 ^^ ^aTIMS (Thailand) Ltd
945    ^p0^l0^i011929
999    ^aประนอม เกษจรัล
รายการนี้ยังไม่มีแท็ก
คุณยังไม่ได้ล็อกอิน คุณสามารถมีกิจกรรมร่วมกับเว็บไซต์ได้ แต่ต้องล็อกอินก่อน ::
  ล็อกอิน

รายการสื่อสารสนเทศ

ลำดับที่ ประเภท เลขเรียก/บาร์โค้ด สถานที่ สถานะ
1. วิทยาศาสตร์การแพทย์ และสุขภาพ
หนังสือสำรอง
สถานะ=หนังสือสำรอง
QV39 M662 ฉ.1 
  Barcode: 011929
ห้องสมุดวิทยาเขตสวรรค์ประชารักษ์
►หนังสือทั่วไป
บนชั้น

รายการใกล้เคียง
    หัวเรื่อง [Drugs]

BibComment


ยังไม่เคยถูกคอมเมนท์

คอมเมนท์ทรัพยากรรายการนี้
  คอมเมนท์: MIMS pediatrics ..


 Copyright 2026. Bcnsprnw @Library